| 000 | 00736cam a22002415a 4500 | ||
|---|---|---|---|
| 005 | 20150906135702.0 | ||
| 006 | a||||fr||z| 00| 0 | ||
| 008 | 100428t2001 njua fr 00| 0 eng d | ||
| 020 | _a0130294357 | ||
| 020 | _a9780130294357 | ||
| 040 |
_aEG-ScBUE _beng _cEG-ScBUE |
||
| 082 | 0 | 4 |
_a620.103076 _bHIB _222 |
| 100 | 1 |
_aHibbeler, R.C. _913750 |
|
| 245 | 1 | 0 |
_aEngineering Mechanics Statics Study Pack / _cR. C. Hibbeler. |
| 260 |
_aUpper Saddle River : _bPrentice-Hall, _cc.2001. |
||
| 300 |
_a112 p. : _bill. ; _c23 cm. + _e1 CD-Rom(4 3/4 in.) |
||
| 590 | _adoaa moahamed | ||
| 650 |
_aStatics _913751 _2BUEsh |
||
| 651 | _2BUEsh | ||
| 653 |
_bENGMEC _cAugust2015 |
||
| 655 |
_vreading book _934232 |
||
| 942 | _2ddc | ||
| 999 |
_c4083 _d4083 |
||